000 00266nam a2200109Ia 4500
008 200302s9999 xx 000 0 und d
100 _aAisha Hasenovic (Ed.)
245 _aUpstairs Downstairs
260 _bImages Publishing, Austraila
260 _c2006
300 _a224
999 _c4527
_d4527